A un año, más organización y una esperanza madura /
Gespeichert in:
| 1. Verfasser: | |
|---|---|
| Format: | Text |
| Tags: |
Tag hinzufügen
Keine Tags, Fügen Sie den ersten Tag hinzu!
|
MARC
| LEADER | 00000 a a2200000 04500 | ||
|---|---|---|---|
| 001 | 7114 | ||
| 003 | |||
| 040 | |||
| 100 | |a Falla, Ricardo | ||
| 245 | |a A un año, más organización y una esperanza madura / |c Ricardo Falla | ||
| 773 | |g volumen 18, número 212; páginas 27-38 | ||
| 999 | |c 24816 |d 24816 | ||
